<?xml version="1.0" encoding="UTF-8"?>
<record
    xmlns:xsi="http://www.w3.org/2001/XMLSchema-instance"
    xsi:schemaLocation="http://www.loc.gov/MARC21/slim http://www.loc.gov/standards/marcxml/schema/MARC21slim.xsd"
    xmlns="http://www.loc.gov/MARC21/slim">

  <leader>01146cam a2200337 i 4500</leader>
  <controlfield tag="001">.b2947470x</controlfield>
  <controlfield tag="003">YEEZEN</controlfield>
  <controlfield tag="005">20250617151907.0</controlfield>
  <controlfield tag="008">250217s2024    ch a   e      000 0dchi d</controlfield>
  <datafield tag="020" ind1=" " ind2=" ">
    <subfield code="a">9786264170789</subfield>
    <subfield code="q">(&#x5E73;&#x88DD;) :</subfield>
    <subfield code="c">&#x65B0;&#x81FA;&#x5E63;420&#x5143;</subfield>
  </datafield>
  <datafield tag="040" ind1=" " ind2=" ">
    <subfield code="a">TCPL</subfield>
    <subfield code="b">chi</subfield>
    <subfield code="c">TCPL</subfield>
    <subfield code="d">TCPL</subfield>
    <subfield code="d">TWFJU</subfield>
    <subfield code="e">ccr</subfield>
  </datafield>
  <datafield tag="041" ind1="1" ind2=" ">
    <subfield code="a">chi</subfield>
    <subfield code="h">eng</subfield>
  </datafield>
  <datafield tag="042" ind1=" " ind2=" ">
    <subfield code="a">nbic</subfield>
  </datafield>
  <datafield tag="090" ind1=" " ind2=" ">
    <subfield code="a">415.9341</subfield>
  </datafield>
  <datafield tag="100" ind1="1" ind2=" ">
    <subfield code="a">&#x88D8;&#x54C8;&#x723E;</subfield>
    <subfield code="c">(Jauhar, Sandeep, 1968-)</subfield>
  </datafield>
  <datafield tag="240" ind1="1" ind2="0">
    <subfield code="a">My father's brain.</subfield>
    <subfield code="l">&#x4E2D;&#x6587;</subfield>
  </datafield>
  <datafield tag="245" ind1="1" ind2="0">
    <subfield code="a">&#x7236;&#x89AA;&#x7684;&#x8166; :</subfield>
    <subfield code="b">&#x963F;&#x8332;&#x6D77;&#x9ED8;&#x75C7;&#x9670;&#x5F71;&#x4E0B;&#x7684;&#x751F;&#x6D3B; /</subfield>
    <subfield code="c">&#x6851;&#x72C4;&#x666E;.&#x88D8;&#x54C8;&#x723E;(Sandeep Jauhar)&#x8457; ; &#x6D82;&#x744B;&#x745B;&#x8B6F;</subfield>
  </datafield>
  <datafield tag="246" ind1="3" ind2=" ">
    <subfield code="a">&#x963F;&#x8332;&#x6D77;&#x9ED8;&#x75C7;&#x9670;&#x5F71;&#x4E0B;&#x7684;&#x751F;&#x6D3B;</subfield>
  </datafield>
  <datafield tag="250" ind1=" " ind2=" ">
    <subfield code="a">&#x7B2C;&#x4E00;&#x7248;</subfield>
  </datafield>
  <datafield tag="260" ind1=" " ind2=" ">
    <subfield code="a">&#x81FA;&#x5317;&#x5E02; :</subfield>
    <subfield code="b">&#x9060;&#x898B;&#x5929;&#x4E0B;&#x6587;&#x5316;,</subfield>
    <subfield code="c">2024.12</subfield>
  </datafield>
  <datafield tag="300" ind1=" " ind2=" ">
    <subfield code="a">303&#x9762; :</subfield>
    <subfield code="b">&#x5716; ;</subfield>
    <subfield code="c">21&#x516C;&#x5206;</subfield>
  </datafield>
  <datafield tag="490" ind1="1" ind2=" ">
    <subfield code="a">&#x5065;&#x5EB7;&#x751F;&#x6D3B; =</subfield>
    <subfield code="a">Good Health ;</subfield>
    <subfield code="v">213.</subfield>
  </datafield>
  <datafield tag="500" ind1=" " ind2=" ">
    <subfield code="a">&#x8B6F;&#x81EA;: My father's brain : life in the shadow of Alzheimer's.</subfield>
  </datafield>
  <datafield tag="600" ind1="1" ind2="7">
    <subfield code="a">&#x88D8;&#x54C8;&#x723E;</subfield>
    <subfield code="c">(Jauhar, Prem P.)</subfield>
    <subfield code="2">lcstt.</subfield>
  </datafield>
  <datafield tag="650" ind1=" " ind2="7">
    <subfield code="a">&#x963F;&#x8332;&#x6D77;&#x9ED8;&#x6C0F;&#x75C7;</subfield>
    <subfield code="2">lcstt.</subfield>
  </datafield>
  <datafield tag="650" ind1=" " ind2="7">
    <subfield code="a">&#x901A;&#x4FD7;&#x4F5C;&#x54C1;</subfield>
    <subfield code="2">lcstt.</subfield>
  </datafield>
  <datafield tag="700" ind1="1" ind2=" ">
    <subfield code="a">Jauhar, Sandeep,</subfield>
    <subfield code="d">1968-</subfield>
  </datafield>
  <datafield tag="700" ind1="1" ind2=" ">
    <subfield code="a">&#x6D82;, &#x744B;&#x745B;</subfield>
  </datafield>
  <datafield tag="830" ind1=" " ind2="0">
    <subfield code="a">&#x5065;&#x5EB7;&#x751F;&#x6D3B; ;</subfield>
    <subfield code="v">213.</subfield>
  </datafield>
  <datafield tag="942" ind1=" " ind2=" ">
    <subfield code="2">ccl</subfield>
    <subfield code="c">BOOK</subfield>
  </datafield>
  <datafield tag="999" ind1=" " ind2=" ">
    <subfield code="c">7639</subfield>
    <subfield code="d">7639</subfield>
  </datafield>
  <datafield tag="952" ind1=" " ind2=" ">
    <subfield code="0">0</subfield>
    <subfield code="1">0</subfield>
    <subfield code="2">ccl</subfield>
    <subfield code="4">0</subfield>
    <subfield code="7">0</subfield>
    <subfield code="a">yeezen</subfield>
    <subfield code="b">yeezen</subfield>
    <subfield code="c">YEEZEN</subfield>
    <subfield code="d">2025-06-17</subfield>
    <subfield code="l">3</subfield>
    <subfield code="m">2</subfield>
    <subfield code="o">415.9341</subfield>
    <subfield code="p">C03225</subfield>
    <subfield code="r">2025-10-16 00:00:00</subfield>
    <subfield code="s">2025-10-15</subfield>
    <subfield code="w">2025-06-17</subfield>
    <subfield code="y">BOOK</subfield>
    <subfield code="z">&#x88D8;&#x54C8;&#x723E;&#x7684;&#x6BCD;&#x89AA;&#x4E5F;&#x7F79;&#x60A3;&#x5E15;&#x91D1;&#x68EE;&#x6C0F;&#x75C7;&#xFF1B;&#x963F;&#x8332;&#x6D77;&#x9ED8;&#x75C7;&#x6D88;&#x8755;&#x4E86;&#x7236;&#x89AA;&#x7684;&#x5FC3;&#x667A;,&#x5E15;&#x91D1;&#x68EE;&#x6C0F;&#x75C7;&#x5247;&#x662F;&#x6467;&#x6B98;&#x4E86;&#x6BCD;&#x89AA;&#x7684;&#x8089;&#x9AD4;&#x3002;&#x88D8;&#x54C8;&#x723E;&#x8207;&#x5144;&#x59B9;&#x4E09;&#x4EBA;,&#x6210;&#x70BA;&#x96D9;&#x89AA;&#x7684;&#x5C45;&#x5BB6;&#x7167;&#x9867;&#x8005;&#x3002;&#x88D8;&#x54C8;&#x723E;&#x63CF;&#x5BEB;&#x4E86;&#x81EA;&#x5DF1;&#x5F9E;&#x91AB;&#x5E2B;&#x3001;&#x8F49;&#x8B8A;&#x70BA;&#x75C5;&#x4EBA;&#x5BB6;&#x5C6C;&#x7684;&#x5FC3;&#x8DEF;&#x6B77;&#x7A0B;,&#x4E5F;&#x63A2;&#x8A0E;&#x7167;&#x9867;&#x8005;&#x8A72;&#x5982;&#x4F55;&#x5728;&#x81EA;&#x5DF1;&#x7684;&#x8077;&#x6DAF;&#x3001;&#x5BB6;&#x5EAD;&#x3001;&#x624B;&#x8DB3;&#x3001;&#x8CA1;&#x52D9;&#x7B49;&#x65B9;&#x9762;,&#x6C42;&#x53D6;&#x5E73;&#x8861;&#x4E4B;&#x9053;&#x3002;</subfield>
  </datafield>
</record>
